000 00478nam a2200193Ia 4500
008 131103s9999 xx 000 0 und d
040 _aLoreto College
041 _aEnglish
082 _a843/FLA
_bLCLIB/19505
100 _aStarkie, Enid
245 _aFlaubert
_cEnid Starke
260 _aEngland
_bPenguin books
_c1967
300 _a461p
_c 17cm
504 _aIncludes index
650 _aFlaubert
651 _aFrench fiction
850 _aLCLIB/843/FLA
942 _cBK
999 _c24284
_d74763